Network traffic capture and analysis
Guardado en:
| Autor principal: | |
|---|---|
| Otros Autores: | |
| Formato: | Manuscrito Libro |
| Lenguaje: | eslovaco inglés |
| Publicado: |
2019
|
| Materias: | |
| Acceso en línea: | http://is.stuba.sk/zp/portal_zp.pl?podrobnosti=131593 |
| Etiquetas: |
Sin Etiquetas, Sea el primero en etiquetar este registro!
|
MARC
| LEADER | 00000ntm a22000003a 4500 | ||
|---|---|---|---|
| 001 | stuzp75060 | ||
| 003 | SK-STU | ||
| 005 | 20190715140918.1 | ||
| 007 | ta | ||
| 008 | 150427s2015----xo-----f-mn---000-0-slo-d | ||
| 040 | |a STU |b slo | ||
| 041 | 0 | |a eng | |
| 044 | |a xo | ||
| 100 | 1 | |a Belluš, Tomáš |u 070400 |4 aut |U FIIT Fakulta informatiky a informačných technológií |T FIIT Ústav počítačového inžinierstva a aplikovanej informatiky |X 82385 |U I400 |Y 672 |7 82385 | |
| 242 | 0 | 1 | |a Zber a analýza dát o sieťovej premávke |y slo |
| 245 | 1 | 0 | |a Network traffic capture and analysis |
| 260 | |c 2019 | ||
| 650 | 4 | |a reálny čas |2 slo | |
| 650 | 4 | |a elasticsearch |2 slo | |
| 650 | 4 | |a sieť |2 slo | |
| 650 | 4 | |a libpcap |2 slo | |
| 650 | 4 | |a bezpečnosť |2 slo | |
| 650 | 4 | |a libpcap |2 eng | |
| 650 | 4 | |a security |2 eng | |
| 650 | 4 | |a real-time |2 eng | |
| 650 | 4 | |a network |2 eng | |
| 650 | 4 | |a elasticsearch |2 eng | |
| 700 | 1 | |a Bernát, Dušan |u 070400 |k Z1 |4 ths |U FIIT Fakulta informatiky a informačných technológií |T FIIT Ústav počítačového inžinierstva a aplikovanej informatiky |X 1887 |U I400 |Y 672 |7 1887 | |
| 856 | 4 | |u http://is.stuba.sk/zp/portal_zp.pl?podrobnosti=131593 | |
| 996 | |b 13237 |c I*BAP2/19 |l II680 |s P |a 0 |w stuzp75060_0001 | ||